Orlando City Trivia - Statistics

General Stats
  • This quiz has been taken 76 times
    43 since last reset
  • The average score is 11 of 18
Answer Stats
Hint Answer % Correct
Other 2 most popular theme parks in Orlando Universal Studios
100%
Massive resort area southwest of Orlando—contains the magic kingdom Walt Disney World
100%
Amusement park of the above that was originally planned as a futuristic utopian city EPCOT
94%
Major league basketball team of Orlando Orlando Magic
94%
Orlando has over 100 of these, including Eola, Clear, and Baldwin Lakes
82%
Principal cities of Greater Orlando Kissimmee
76%
Other 2 most popular theme parks in Orlando SeaWorld
71%
Two biggest 90s boy bands from Orlando Backstreet Boys
65%
Although most of this area's amusement parks are in Bay Lake, the address is here Lake {Buena} {Vista}
65%
County Orlando is part of Orange
65%
Two biggest 90s boy bands from Orlando NSYNC
59%
Abbreviation of Orlando International Airport MCO
53%
Gay nightclub that was the site of a deadly terrorist attack on June 12, 2016 Pulse
53%
Actor born in Orlando who played Blade Wesley Snipes
53%
Fort Gatlin was established to protect American settlers in the area during this war Second {Seminole} War
41%
College that Mister Rogers went to {Rollins} College
24%
Principal cities of Greater Orlando Sanford
24%
Two days before the above, this singer known for The Voice was shot in Orlando Christina Grimmie
12%
No matching quizzes found
Score Distribution
Percent of People with Each Score
Percentile by Number Answered
Your Score History
You have not taken this quiz since the last reset